Popüler Çizgi Film Karakterleri - Quiz - Statistics

General Stats
  • This quiz has been taken 50 times
  • The average score is 48 of 87
Answer Stats
Picture Answer % Correct
Mr Bean
96%
Gargamel
93%
Gumball
91%
Pembe Panter
91%
Şakir
89%
Şirin Baba
89%
Batman
87%
Koyun Shaun
87%
Mario
87%
Nemo
87%
Sünger Bob
87%
Tom
87%
Uzun
87%
Heidi
85%
Po / Kung Fu Panda
85%
Şirine
85%
Fil Necati
83%
Jerry
83%
Temel Reis
83%
Garfield
80%
Koca Ayı
80%
Oscar
80%
Wall E
80%
Bugs Bunny
78%
Iron Man
78%
Kara Kedi
78%
Kirpi Sonic
78%
Patron Bebek
78%
Elsa
76%
Scooby Doo
76%
Maya
74%
Caillou
72%
Çilek Kız
72%
Sid
72%
Marinette / Uğur Böceği
70%
Marsupilami
70%
Miki Fare / Mickey Mouse
70%
Niloya
70%
Alvin
67%
Arthur / Arthur Read
67%
Pepee
67%
Tweety
67%
Hayri
65%
Peter Pan
65%
Pikachu
65%
Johnny Bravo
63%
Masha
61%
Finn
59%
Fred Çakmaktaş
59%
Thomas
57%
Olaf
54%
Anna
50%
Limon
50%
Şrek
50%
Fineas
48%
Mordecai
46%
Kuzucuk
43%
Mabel
43%
Bubbles
39%
Daffy Duck
39%
Remzi
39%
Ayıcık Bombo
35%
Pocoyo
35%
Raven
33%
Gru
30%
Woody
28%
Ege
26%
Road Runner
26%
Diego
24%
Bay İnanılmaz
22%
Ben Tennyson
22%
Hoppa
22%
Şimşek McQuenn
22%
Kösteban
17%
Chris Kratt
15%
Drakula
15%
Clarence / Clarence Wendle
13%
Red
13%
Geronimo Stilton
11%
Darwin Watterson
9%
Vicky
9%
Çavuş
7%
Dipper Pines
7%
Agnes
4%
Buck Wild
4%
Timmy Turner
2%
Carl Fredricksen
0%
No matching quizzes found
Score Distribution
Percent of People with Each Score
Percentile by Number Answered
Your Score History
You have not taken this quiz